Evidencias sobre las apariciones de la Virgen / (Registro nro. 41628)
[ vista simple ]
| 000 -LEADER | |
|---|---|
| fixed length control field | 01459cam a2200349 i 4500 |
| 001 - CONTROL NUMBER | |
| control field | 41628 |
| 003 - CONTROL NUMBER IDENTIFIER | |
| control field | Mx-PuUPA |
| 005 - DATE AND TIME OF LATEST TRANSACTION | |
| control field | 20250625095326.0 |
| 008 - FIXED-LENGTH DATA ELEMENTS--GENERAL INFORMATION | |
| fixed length control field | 140415s1984 sp a gr 000 0 spa d |
| 020 ## - INTERNATIONAL STANDARD BOOK NUMBER | |
| International Standard Book Number | 9684450974 |
| 040 ## - CATALOGING SOURCE | |
| Original cataloging agency | Mx-PuUPA |
| Language of cataloging | spa |
| Transcribing agency | Mx-PuUPA |
| Modifying agency | Mx-PuUPA |
| Description conventions | rda |
| 041 1# - LANGUAGE CODE | |
| Language code of text/sound track or separate title | spa |
| Language code of original | eng |
| 100 1# - MAIN ENTRY--PERSONAL NAME | |
| Personal name | McClure, Kevin, |
| Titles and words associated with a name | (Escritor sobre visiones religiosas) |
| 9 (RLIN) | 17248 |
| Relator term | autor |
| 240 14 - UNIFORM TITLE | |
| Uniform title | The evidence for visions of the virgin Mary. |
| Language of a work | Español |
| 245 10 - TITLE STATEMENT | |
| Title | Evidencias sobre las apariciones de la Virgen / |
| Statement of responsibility, etc. | Kevin McClure, traducción de Rafael Lassaleta |
| 246 13 - VARYING FORM OF TITLE | |
| Title proper/short title | Evidencias sobre las apariciones de la Virgen : |
| Remainder of title | una investigación de las pruebas de las apariciones marianas y de sus implicaciones. |
| 264 #1 - PRODUCTION, PUBLICATION, DISTRIBUTION, MANUFACTURE, AND COPYRIGHT NOTICE | |
| Place of production, publication, distribution, manufacture | México : |
| Name of producer, publisher, distributor, manufacturer | EDAF Mexicana, |
| Date of production, publication, distribution, manufacture, or copyright notice | ©1984 |
| 300 ## - PHYSICAL DESCRIPTION | |
| Extent | 157 páginas : |
| Other physical details | ilustraciones ; |
| Dimensions | 21 cm |
| 336 ## - CONTENT TYPE | |
| Fuente | rdacontent |
| Content type term | texto |
| Content type code | txt |
| 337 ## - MEDIA TYPE | |
| Source | rdamedia |
| Media type term | sin medio |
| Media type code | n |
| 338 ## - CARRIER TYPE | |
| Source | rdacarrier |
| Carrier type term | volumen |
| Carrier type code | nc |
| 490 0# - SERIES STATEMENT | |
| Series statement | La Tabla de Esmeralda |
| 600 04 - SUBJECT ADDED ENTRY--PERSONAL NAME | |
| Personal name | Virgen María |
| General subdivision | Apariciones y milagros |
| 600 04 - SUBJECT ADDED ENTRY--PERSONAL NAME | |
| Personal name | María, Madre de Jesucristo, manifestaciones, hasta 1981 |
| 600 04 - SUBJECT ADDED ENTRY--PERSONAL NAME | |
| Personal name | María, Santísima Virgen, |
| Titles and other words associated with a name | Santa |
| General subdivision | Historia |
| 700 1# - ADDED ENTRY--PERSONAL NAME | |
| Personal name | Lassaletta, Rafael, |
| Relator term | traducción |
| 765 0# - ORIGINAL LANGUAGE ENTRY | |
| Main entry heading | Mcclure, Kevin, |
| Place, publisher, and date of publication | Madrid : Thorsons Publishers,©1983 |
| Title | The evidence for visions of the virgin Mary. |
| 942 ## - ADDED ENTRY ELEMENTS (KOHA) | |
| Source of classification or shelving scheme | Dewey Decimal Classification |
| Koha item type | Libro |
| Classification part | 232.9109 |
| Item part | M4718 |
| Withdrawn status | Lost status | Source of classification or shelving scheme | Damaged status | Not for loan | Collection code | Home library | Current library | Shelving location | Date acquired | Source of acquisition | Total Checkouts | Full call number | Barcode | Date last seen | Price effective from | Koha item type |
|---|---|---|---|---|---|---|---|---|---|---|---|---|---|---|---|---|
| Dewey Decimal Classification | General | Centro de Estudios Guadalupanos | Centro de Estudios Guadalupanos | Sala general | 03/12/2013 | Compra | 232.9109 M4718 1984 | 62766 | 05/01/2026 | 03/12/2013 | Libro |